Caminos del barroco (Record no. 6960)

MARC details
000 -CABECERA
campo de control de longitud fija 00857nam a2200229 a 4500
001 - NÚMERO DE CONTROL
campo de control BRCA_7282
005 - FECHA Y HORA DE LA ÚLTIMA TRANSACCIÓN
campo de control 20190320205759.0
008 - DATOS DE LONGITUD FIJA--INFORMACIÓN GENERAL
campo de control de longitud fija 280212s2011----mx-a######---#000-0#spa-#
020 ## - NÚMERO INTERNACIONAL ESTÁNDAR DEL LIBRO
Número Internacional Estándar del Libro 9786076050828
041 ## - CÓDIGO DE LENGUA
Código de lengua del texto/banda sonora o título independiente spa
044 ## - CÓDIGO DEL PAÍS DE LA ENTIDAD EDITORA/PRODUCTORA
Código MARC del país mx
050 #4 - SIGNATURA TOPOGRÁFICA DE LA BIBLIOTECA DEL CONGRESO
Número de clasificación N6415
Número de documento/Ítem .C36 2011
245 10 - MENCIÓN DE TÍTULO
Título Caminos del barroco
Resto del título entre Andalucía y Nueva España
Mención de responsabilidad, etc. textos Pablo F. Amador Marrero ... [et al.].
260 ## - PUBLICACIÓN, DISTRIBUCIÓN, ETC.
Lugar de publicación, distribución, etc. México
Nombre del editor, distribuidor, etc. Instituto Nacional de Bellas Artes y Literatura
Fecha de publicación, distribución, etc. 2011
300 ## - DESCRIPCIÓN FÍSICA
Extensión 195 p.
Otras características físicas il. a color
Dimensiones 29 cm.
500 ## - NOTA GENERAL
Nota general Catálogo de la exposición realizada en el Museo Nacional de San Carlos. México, 2011
500 ## - NOTA GENERAL
Nota general Incluye piezas de la colección Franz Mayer: p. 9, 154 y 177
650 14 - PUNTO DE ACCESO ADICIONAL DE MATERIA--TÉRMINO DE MATERIA
Término de materia o nombre geográfico como elemento de entrada Arte barroco
Subdivisión cronológica Siglo XVI-XIX
Subdivisión geográfica México
9 (RLIN) 18022
650 14 - PUNTO DE ACCESO ADICIONAL DE MATERIA--TÉRMINO DE MATERIA
Término de materia o nombre geográfico como elemento de entrada Arte barroco
Subdivisión geográfica Andalucía
9 (RLIN) 18023
700 1# - PUNTO DE ACCESO ADICIONAL--NOMBRE DE PERSONA
Nombre de persona Amador Marrero, Pablo F.
9 (RLIN) 4243
942 ## - ELEMENTOS DE PUNTO DE ACCESO ADICIONAL (KOHA)
Fuente del sistema de clasificación o colocación Library of Congress Classification
Tipo de ítem Koha Libros
Holdings
Estado de retiro Estado de pérdida Estado dañado No para préstamo Localización permanente Ubicación/localización actual Fecha de adquisición Total de préstamos Signatura topográfica completa Código de barras Fecha visto por última vez Precio válido a partir de Tipo de ítem Koha
El ejemplar forma parte de la colección y puede ser consultado según las políticas vigentes.       Biblioteca del Museo Franz Mayer (Rogerio Casas-Alatriste) Biblioteca del Museo Franz Mayer (Rogerio Casas-Alatriste) 24/02/2012   N6415 .C36 2011 02699 22/03/2019 22/03/2019 Libros